000 00911nam0a22002651 4500
001 v19\rc\1726552
005 20250619042317.0
035 _a(NLR Aleph) 004822882
090 _a5034353
_c5034353
100 _a20061002d1901 |||y0rusy50 ca
101 0 _arus
102 _aRU
105 _ay z |||||
200 1 _aКредитные товарищества
_eКак достать малодостаточным лицам необходимый для их промысла оборотный капитал
_fИв. Котляревский
210 _aСанкт-Петербург
_cпеч. Р.Р. Голике
_d1901
215 _a32 с.
_d18
700 1 _aКотляревский
_bИв.
801 0 _aRU
_bNLR
_gpsbo
801 0 _aRU
_bRuMoRGB
_2psbo
801 1 _aRU
_bProSoft-M
_2rusmarc
852 _aNLR
_j20.56.1.105
899 _aRuMoRGB
_jA 197/868
899 _aБАН
942 _cBOOK
980 _aNB